Application of electric pulsed discharges for intensification of the process of bioactive substances extraction from plant roughage; Korus'98. Abstracts

Podrobná bibliografie
Parent link:Korus'98. Abstracts.— 1998.— P. 40
Další autoři: Alexeeva T. I. Татьяна Ивановна, Barskaya A. V. Anna Valerievna, Kurets (Kuretz) V. I. Valery Isaakovich, Lobanova G. L. Galina Leonidovna
Jazyk:angličtina
Vydáno: 1998
Témata:
Médium: MixedMaterials Kapitola
KOHA link:https://koha.lib.tpu.ru/cgi-bin/koha/opac-detail.pl?biblionumber=274786

MARC

LEADER 00000naa2a2200000 4500
001 274786
005 20231220125847.0
035 |a (RuTPU)RU\TPU\book\298015 
035 |a RU\TPU\book\259563 
090 |a 274786 
100 |a 20141110d1998 k y0engy50 ba 
101 0 |a eng 
102 |a RU 
200 1 |a Application of electric pulsed discharges for intensification of the process of bioactive substances extraction from plant roughage  |f T. I. Alexeeva [и др.] 
463 0 |0 (RuTPU)RU\TPU\book\7822  |t Korus'98. Abstracts  |o the Second Russian-Korean International Symposium on Science and Technology, August 30 - September 5, 1998  |f Tomsk Polytechnic University (TPU) ; Novosibirsk State Technical University  |v P. 40  |d 1998  |p 293 p. 
610 1 |a труды учёных ТПУ 
701 1 |a Alexeeva  |b T. I.  |c специалист в области электроэнергетики  |c доцент Томского политехнического университета  |f 1951-  |g Татьяна Ивановна  |3 (RuTPU)RU\TPU\pers\30883 
701 1 |a Barskaya  |b A. V.  |c specialist in the field of electric power engineering  |c Associate Professor of Tomsk Polytechnic University, Candidate of technical sciences  |f 1966-  |g Anna Valerievna  |3 (RuTPU)RU\TPU\pers\32972  |9 16817 
701 1 |a Kurets (Kuretz)  |b V. I.  |c Specialist in the field of electrical engineering  |c Professor of Tomsk Polytechnic University, Doctor of technical sciences  |f 1940-  |g Valery Isaakovich  |3 (RuTPU)RU\TPU\pers\32866 
701 1 |a Lobanova  |b G. L.  |c chemist  |c Lead counselor of Tomsk Polytechnic University, Candidate of chemical sciences  |f 1942-  |g Galina Leonidovna  |3 (RuTPU)RU\TPU\pers\32971 
801 1 |a RU  |b 63413507  |c 20130524 
801 2 |a RU  |b 63413507  |c 20141110  |g RCR 
942 |c BK